| 000 | 00374nam a2200133Ia 4500 | ||
|---|---|---|---|
| 008 | 220217s9999||||xx |||||||||||||| ||und|| | ||
| 020 | _a81-203-181-7 | ||
| 082 | _a519.024 RAO | ||
| 100 | _aRao, Shankara, K | ||
| 245 | 0 | _aNumerical methods for scientists and engineers | |
| 260 |
_aPrentice hall of india _bNew Delhi _c2001 |
||
| 300 | _b175 | ||
| 650 | _aMATHEMATICS | ||
| 999 |
_c167840 _d167840 |
||